Countries With an R in Their Name - Statistics

General Stats
  • This quiz has been taken 110 times
  • The average score is 79 of 93
Answer Stats
Answer % Correct
Argentina
99%
Brazil
99%
North Korea
96%
Romania
96%
Russia
96%
Andorra
95%
Australia
95%
Portugal
95%
France
94%
Germany
94%
Rwanda
94%
Belarus
92%
Iran
92%
Ireland
92%
Peru
92%
Turkey
92%
Croatia
91%
Dominican Republic
91%
Greece
91%
Honduras
91%
Iraq
91%
Israel
91%
Norway
91%
Paraguay
91%
South Korea
91%
Turkmenistan
91%
Uruguay
91%
Hungary
90%
Niger
90%
Switzerland
90%
Austria
88%
Barbados
88%
Denmark
88%
Kyrgyzstan
88%
Netherlands
88%
Nigeria
88%
Serbia
88%
Suriname
88%
Algeria
87%
Bosnia and Herzegovina
87%
Democratic Republic of the Congo
87%
Micronesia
87%
Trinidad and Tobago
87%
Azerbaijan
86%
Saudi Arabia
86%
United States of America
86%
Czech Republic
85%
Ecuador
85%
Jordan
85%
South Africa
85%
Syria
85%
Antigua and Barbuda
83%
Bulgaria
83%
Central African Republic
83%
Cyprus
83%
Morocco
83%
Saint Vincent and the Grenadines
83%
United Arab Emirates
83%
Armenia
82%
Burundi
82%
Cameroon
82%
El Salvador
82%
Marshall Islands
82%
Ukraine
82%
Bahrain
81%
Georgia
81%
Madagascar
81%
Mauritania
81%
Nicaragua
81%
North Macedonia
81%
Burkina Faso
79%
Luxembourg
79%
Montenegro
79%
Brunei
78%
Costa Rica
78%
Eritrea
78%
Mauritius
78%
San Marino
78%
Grenada
77%
Kiribati
77%
Singapore
77%
Comoros
76%
East Timor
76%
Myanmar
76%
Liberia
74%
Nauru
74%
Sierra Leone
74%
Equatorial Guinea
73%
Qatar
73%
Sri Lanka
71%
Côte d'Ivoire
68%
Sao Tome and Principe
59%
Cabo Verde
54%
No matching quizzes found
Score Distribution
Percent of People with Each Score
Percentile by Number Answered
Your Score History
You have not taken this quiz